[Event "BL 2017-18"]
[Site "Germany"]
[Date "2018.05.01"]
[Round "15"]
[White "Heimann, Andreas"]
[Black "Bok, Benjamin"]
[Result "1/2-1/2"]
[WhiteElo "2589"]
[BlackElo "2613"]
[Annotator "TA"]
[PlyCount "53"]
[EventDate "2018.05.24"]
[EventType "team-tourn"]
[EventCountry "GER"]
[SourceTitle "playchess.com"]
[Source "ChessBase"]
[SourceQuality "1"]
[WhiteTeam "SF Deizisau"]
[BlackTeam "Solingen"]

{[%evp 10,53,22,8,27,0,3,0,2,0,0,0,0,0,-1,-8,0,-3,-4,-26,-21,-28,-29,-18,0,0,0,0,0,0,0,0,14,14,14,17,17,14,13,0,0,0,0,-10,-9,-34]} 1. Nf3 d5 2. g3 c6 3. Bg2 Bg4 4. h3 Bh5 5. c4 e6 6. O-O {LiveBook: 19 Games. A07: Réti Opening: New York and Capablanca Systems} Be7 $146 ({Predecessor:} 6... Nd7 7. cxd5 exd5 8. d3 Ngf6 9. Nc3 Be7 10. e4 O-O 11. exd5 Nxd5 12. Nxd5 cxd5 13. Be3 Bc5 14. d4 Bd6 15. Rc1 Re8 16. Re1 Nb6 17. g4 Bg6 18. Ne5 Be4 19. Qb3 Bxg2 20. Kxg2 h5 {0-1 (56) Meier,G (2650)-Karjakin,S (2760) Riadh 2017}) 7. cxd5 cxd5 8. Qb3 Bxf3 9. Bxf3 Qd7 10. d4 Nc6 {[%cal Bb8c6,Bc6a5,Ba5c4][%mdl 32]} 11. e3 Nf6 12. Nc3 O-O 13. Bd2 Na5 14. Qc2 Nc4 15. Bc1 Rac8 16. b3 Bb4 {The position is equal.} 17. bxc4 Rxc4 18. Bd2 {[#] And now Qb2 would win.} Bxc3 19. Bxc3 {Strongly threatening Be2.} Rfc8 20. Rfc1 Qc6 {[%cal Rc4c3]} 21. Rab1 {Black must now prevent Rb3.} b5 $1 {[%cal Rb5b4] Threatening ...b4.} 22. Qb2 {[#] Threatens to win with Bd2.} ({Don't play} 22. Rb3 b4 $17) 22... Rxc3 23. Rxc3 Qxc3 24. Qxb5 g6 25. Kg2 Kg7 26. Qa6 Qc2 27. Re1 {Precision: White = 61%, Black = 76%.} 1/2-1/2

[Event "BL 2017-18"]
[Site "Germany"]
[Date "2018.05.01"]
[Round "15"]
[White "Tomczak, Jacek"]
[Black "Edouard, Romain"]
[Result "1/2-1/2"]
[WhiteElo "2589"]
[BlackElo "2613"]
[Annotator "TA"]
[PlyCount "40"]
[EventDate "2018.05.24"]
[EventType "team-tourn"]
[EventCountry "GER"]
[SourceTitle "playchess.com"]
[Source "ChessBase"]
[SourceQuality "1"]
[WhiteTeam "SFR Berlin"]
[BlackTeam "Werder Bremen"]

{[%evp 24,40,23,14,8,0,0,0,0,0,0,0,0,-22,0,-12,-5,-9,0]} 1. e4 c5 2. Nf3 Nc6 3. d4 cxd4 4. Nxd4 e5 5. Nb5 {[%cal Bd4b5,Bb5a3,Ba3c4][%mdl 32]} d6 6. N1c3 a6 7. Na3 Be7 8. Nc4 b5 {B32: Sicilian: Löwenthal and Kalashnikov Variations} 9. Ne3 Nf6 10. a3 (10. g3 O-O 11. Bg2 b4 12. Ncd5 Nxd5 13. Nxd5 Bg5 14. Bxg5 Qxg5 15. O-O Be6 16. Nc7 {½-½ (34) Morozevich,A (2711)-Moiseenko,A (2692) Berlin 2015}) 10... O-O 11. g3 Nd4 12. Bg2 Be6 13. O-O {[#] LiveBook: 3 Games} a5 $146 {The position is equal.} ({Predecessor:} 13... Rc8 14. f4 a5 15. Ncd5 Bxd5 16. exd5 {½-½ (34) Djukic,N (2534)-Hernandez Guerrero,G (2506) Baku 2016}) 14. Ne2 Nxe2+ 15. Qxe2 Rb8 16. a4 b4 17. b3 Qb6 18. Bb2 Qc5 19. Kh1 Bd8 20. f4 Bb6 1/2-1/2

[Event "BL 2017-18"]
[Site "Germany"]
[Date "2018.05.01"]
[Round "15"]
[White "Hracek, Zbynek"]
[Black "Jakubowski, Krzysztof"]
[Result "1/2-1/2"]
[WhiteElo "2583"]
[BlackElo "2515"]
[Annotator "TA"]
[PlyCount "63"]
[EventDate "2018.05.24"]
[EventType "team-tourn"]
[EventCountry "GER"]
[SourceTitle "playchess.com"]
[Source "ChessBase"]
[SourceQuality "1"]
[WhiteTeam "Werder Bremen"]
[BlackTeam "SFR Berlin"]

{[%evp 22,63,24,12,53,43,60,25,46,43,51,0,32,24,35,17,44,26,72,35,48,37,48,39,94,89,104,104,99,52,90,86,93,31,144,142,139,126,137,108,136,100,110,79]} 1. d4 Nf6 2. c4 e6 3. Nc3 d5 4. cxd5 exd5 5. Bg5 c6 6. e3 Be7 7. Bd3 Nbd7 8. h3 O-O 9. Qc2 Re8 10. Nf3 Nf8 11. O-O g6 12. Rab1 {LiveBook: 135 Games} Be6 {D36: Queen's Gambit Declined: Exchange Variation: Main line (5 Bg5 c6 6 Qc2)} (12... Ne6 13. Bh4 Ng7 14. b4 a6 15. a4 Bf5 16. b5 axb5 17. axb5 Bxd3 18. Qxd3 Nf5 19. Bxf6 Bxf6 20. Qc2 Nd6 21. Nd2 {0-1 (47) Navara,D (2730)-Hansen,S (2566) Reykjavik 2015}) 13. b4 Rc8 14. Na4 $146 ({Predecessor:} 14. Rfc1 N6d7 15. Bxe7 Qxe7 16. b5 c5 {½-½ (16) Miedema,D (2361)-Jakubowski,K (2563) Porto Mannu 2016}) 14... Rc7 {White has an edge.} 15. Nc5 Bc8 16. a4 ({Better is} 16. Bf4 $14) 16... Nh5 17. Bxe7 Qxe7 18. Qb2 Qf6 19. Ne5 Qd6 20. Be2 Ng7 21. Rbc1 f6 22. Nf3 $36 {[%mdl 2048] Black is under pressure.} g5 (22... b6 $14) 23. b5 $16 h5 24. bxc6 bxc6 25. Ba6 {[%cal Be2a6,Ba6c8,Bc8h3][%mdl 32]} g4 26. Nh4 gxh3 27. g3 (27. Bxc8 $16 hxg2 28. Kxg2 (28. Nxg2 Rexc8 29. Kh1 Nge6 $11) 28... Rexc8 29. Rg1) 27... Nf5 (27... Bg4 $1 $14) 28. Bxc8 Nxh4 29. Bxh3 Rg7 {[#]} 30. Kh1 $1 Nf3 {Threatening ...h4.} 31. Qe2 Nxd4 32. Qd1 {Precision: White = 31%, Black = 33%.} ({Much weaker is} 32. Qxh5 $6 Re5 $11) 1/2-1/2

[Event "BL 2017-18"]
[Site "Germany"]
[Date "2018.05.01"]
[Round "15"]
[White "Babula, Vlastimil"]
[Black "Schreiner, Peter"]
[Result "1/2-1/2"]
[WhiteElo "2554"]
[BlackElo "2473"]
[Annotator "TA"]
[PlyCount "54"]
[EventDate "2018.05.24"]
[EventType "team-tourn"]
[EventCountry "GER"]
[SourceTitle "playchess.com"]
[Source "ChessBase"]
[SourceQuality "1"]
[WhiteTeam "Werder Bremen"]
[BlackTeam "SFR Berlin"]

{[%evp 16,54,0,0,0,0,16,5,24,0,4,0,0,10,10,0,2,0,-5,-9,-13,-57,-61,-59,-65,-90,-97,-82,-112,-68,-62,-59,-30,-35,-18,-36,0,-34,0,-35,0]} 1. d4 Nf6 2. c4 g6 3. Nc3 d5 4. cxd5 Nxd5 5. e4 Nxc3 6. bxc3 Bg7 7. Nf3 c5 8. h3 O-O 9. Be3 {LiveBook: 26 Games. D85: Exchange Grünfeld: Unusual White 7th moves and lines with 7 Nf3} b6 10. Rc1 cxd4 11. cxd4 {The position is equal.} e6 12. Bd3 Bb7 13. O-O Nc6 {[%cal Rc6d4,Bb8c6,Bc6b4,Bb4a2,Ba2c3,Bc3d1][%mdl 32]} 14. Qa4 Qd6 15. Rfd1 {[#]} a6 $146 ({Predecessor:} 15... Rac8 16. d5 exd5 17. exd5 Ne5 18. Nxe5 Bxe5 19. Qxa7 Rxc1 20. Rxc1 Bxd5 {½-½ (20) Lupulescu,C (2609)-Piorun,K (2665) Germany 2017}) 16. d5 exd5 17. exd5 Nb4 18. a3 Na2 19. Bf4 Qd8 20. Rc7 {[#] Strongly threatening Qb3.} Nc3 21. Qc2 Nxd1 22. Rxb7 Nc3 23. d6 b5 24. Qb3 Na4 {[#] Hoping for ...Nc5.} 25. Qd5 $1 Nc3 26. Qb3 Na4 {...Nc5 is the strong threat.} 27. Qd5 $1 Nc3 {Precision: White = 72%, Black = 53%.} 1/2-1/2

[Event "BL 2017-18"]
[Site "Germany"]
[Date "2018.05.01"]
[Round "15"]
[White "Hausrath, Daniel"]
[Black "Paehtz, Elisabeth"]
[Result "1-0"]
[WhiteElo "2499"]
[BlackElo "2475"]
[Annotator "TA"]
[PlyCount "67"]
[EventDate "2018.05.24"]
[EventType "team-tourn"]
[EventCountry "GER"]
[SourceTitle "playchess.com"]
[Source "ChessBase"]
[SourceQuality "1"]
[WhiteTeam "Muelheim"]
[BlackTeam "Dresden"]

{[%evp 13,67,29,43,10,14,0,45,4,52,6,47,26,50,27,50,45,66,61,84,45,84,81,91,81,100,117,92,60,93,91,146,102,112,114,100,100,135,83,92,89,89,80,153,166,132,133,141,137,245,239,234,203,339,326,906,898]} 1. Nf3 g6 2. g3 Bg7 3. d4 d6 4. Bg2 Nd7 5. O-O e5 6. dxe5 dxe5 7. Nc3 Ne7 {LiveBook: 3 Games. A41: 1 d4 d6: Tartakower System and Modern Defence} 8. Nd2 $146 ({Predecessor:} 8. Qd3 O-O 9. Rd1 c6 10. Ng5 Qc7 11. b4 Nb6 12. e4 h6 13. Nf3 Be6 14. a4 Rad8 15. Qe2 Rxd1+ 16. Nxd1 {1-0 (46) Mikhalevski,V (2538)-Bitensky,I (2355) Israel 2018}) 8... O-O 9. Nc4 Nf5 {The position is equal.} 10. a4 Nc5 11. b4 Ne6 12. Ba3 Qd4 13. Qd3 $1 Rd8 14. Rad1 Nd6 15. Nxd6 Rxd6 16. b5 (16. Nd5 {with more complications.} Rd7 17. Qb3 Qg4 18. b5 Nd4 19. Ne7+) 16... Qxd3 17. cxd3 Rd8 18. Nd5 Bf8 19. Bb2 Bd6 20. Nf6+ Kg7 21. Ne4 f6 ({Better is} 21... Kf8) 22. Nxd6 Rxd6 23. f4 exf4 24. gxf4 a6 25. f5 (25. Rc1 $142) 25... Nd4 $16 26. Bxd4 Rxd4 27. Rc1 $36 {[%mdl 2048] White has strong initiative.} axb5 (27... Rd7 $142) 28. Rxc7+ Kh6 29. fxg6 hxg6 30. axb5 Rb4 (30... Bg4 $16) 31. Rxf6 $18 {Black must now prevent Rf8.} Rxb5 32. Be4 Rg5+ (32... Bf5 $142 33. Bxf5 (33. Bxb7 Ra2 $16) 33... Rxf5 34. Rxf5 gxf5 35. Rxb7 Ra1+ 36. Kg2 Re1) 33. Kf2 Bg4 $2 {[#]} (33... Bh3 34. Rxb7 Ra1) 34. h4 {Precision: White = 55%, Black = 40%.} 1-0

[Event "BL 2017-18"]
[Site "Germany"]
[Date "2018.05.01"]
[Round "15"]
[White "Sprenger, Jan Michael"]
[Black "Nyback, Tomi"]
[Result "0-1"]
[WhiteElo "2496"]
[BlackElo "2576"]
[Annotator "TA"]
[PlyCount "124"]
[EventDate "2018.05.24"]
[EventType "team-tourn"]
[EventCountry "GER"]
[SourceTitle "playchess.com"]
[Source "ChessBase"]
[SourceQuality "1"]
[WhiteTeam "SFR Berlin"]
[BlackTeam "Werder Bremen"]

{[%evp 33,124,18,20,9,11,10,28,14,16,0,0,0,14,0,0,0,15,0,0,0,0,0,0,0,12,0,0,0,0,-60,-60,-62,-62,-94,-79,-145,-119,-195,-199,-377,-358,-348,-365,-391,-381,-389,-379,-700,-698,-704,-695,-685,-618,-663,-648,-654,-654,-576,-552,-1117,-1075,-903,-620,-1094,-1007,-1049,-648,-1102,-1185,-1116,-1146,-1152,-1133,-1192,-1108,-1738,-1441,-1690,-620,-1706,-1670,-2522,-2505,-2341,-1023,-2312,-2361,-2178,-2133,-2259,-2077,-2588,-2369]} 1. e4 e5 2. Nf3 Nc6 3. Bb5 a6 4. Ba4 Nf6 5. O-O Be7 6. Re1 b5 7. Bb3 d6 8. c3 O-O 9. h3 Bb7 10. d4 Re8 11. Ng5 Rf8 12. Nf3 Re8 13. Nbd2 Nd7 {C92: Closed Ruy Lopez: 9...Be6, Karpov and Flohr-Zaitsev Variations} (13... Bf8 14. a3 h6 15. Bc2 Nb8 16. b3 Nbd7 17. Bb2 c5 18. d5 Bc8 19. a4 Rb8 20. axb5 axb5 21. Bd3 Nh5 22. Bf1 g6 23. Nh2 Ng7 24. Bd3 Nf6 {1-0 (49) Harikrishna,P (2744)-Ivanchuk,V (2726) Riadh 2017}) 14. Nf1 exd4 15. cxd4 Na5 16. Bc2 c5 17. d5 Nc4 {LiveBook: 14 Games} 18. b3 Bf6 19. Rb1 Nce5 20. Nxe5 Nxe5 21. Ne3 Bc8 22. Kh2 $146 ({Predecessor:} 22. Bb2 Ra7 23. Rf1 Nd7 24. Ng4 Bxb2 25. Rxb2 {0-1 (70) Svidinsky,D (2147)-Aleksandrov,A (2606) St Petersburg 2015}) 22... Bd7 23. Bd2 Ng6 24. g3 Be5 25. Nf5 Bxf5 26. exf5 Nf8 27. f4 Bd4 28. Qf3 Ra7 29. g4 Rae7 30. Rxe7 Rxe7 31. g5 (31. Re1 $11) 31... Qe8 $15 32. Bd3 f6 33. h4 Nd7 34. Kg2 {[#]} (34. g6 $142) 34... Nb6 $1 $17 35. Kf1 (35. a4 $17 {is a better defense.}) 35... c4 $19 {[%cal Bc5c4,Bc4c3][%mdl 32]} 36. Bc2 $2 {[#]} (36. bxc4 {was forced.} bxc4 37. Be2) 36... c3 $1 {[%cal Rc3d2][%mdl 512]} 37. Be1 (37. Bxc3 Re3) 37... b4 38. Bf2 Bxf2 39. Kxf2 Qb5 40. Re1 $2 (40. Kg3 Qe2 41. Qxe2 Rxe2 42. Rc1) 40... Qc5+ {Black is clearly winning.} 41. Kf1 Rxe1+ 42. Kxe1 Qg1+ 43. Ke2 Qh2+ 44. Qf2 Qxf2+ 45. Kxf2 Nxd5 {[%mdl 4096] Endgame KB-KN} 46. Kf3 Nb6 47. Ke4 Kf7 48. Kd4 Ke7 49. Bd3 Kd7 50. Bc2 Kc6 51. Be4+ d5 52. Bc2 Kd6 53. Bd3 Nd7 54. Bc2 Nb8 55. Bd3 Nc6+ 56. Ke3 a5 57. Bc2 Kc5 58. Bd3 Ne7 59. Bc2 d4+ 60. Kf3 Nd5 61. Bd3 Ne3 62. Ke2 Ng2 {Precision: White = 34%, Black = 84%.} 0-1

[Event "BL 2017-18"]
[Site "Germany"]
[Date "2018.05.01"]
[Round "15"]
[White "Van Foreest, Lucas"]
[Black "Raykhman, Alexander"]
[Result "1/2-1/2"]
[WhiteElo "2485"]
[BlackElo "2400"]
[Annotator "TA"]
[PlyCount "89"]
[EventDate "2018.05.24"]
[EventType "team-tourn"]
[EventCountry "GER"]
[SourceTitle "playchess.com"]
[Source "ChessBase"]
[SourceQuality "1"]
[WhiteTeam "Aachen"]
[BlackTeam "Schwaebisch Hall"]

{[%evp 19,89,15,32,25,107,84,69,33,193,0,0,1,65,22,86,93,83,75,128,63,129,139,123,81,83,38,92,36,64,0,90,53,50,52,80,52,112,98,158,139,156,68,84,15,15,6,16,8,18,27,89,0,14,0,0,0,112,0,14,7,80,0,72,0,9,18,142,0,16,0,15,-5]} 1. e4 c5 2. Nf3 d6 3. d4 cxd4 4. Nxd4 Nf6 5. Nc3 a6 6. Be3 e6 7. f3 b5 8. g4 Bb7 9. h4 {[%cal Bh2h4,Bh4h5][%mdl 32] B80: Sicilian Scheveningen: 6 g3 and 6 Be3, including English Attack} Nfd7 10. Qd2 Nb6 {LiveBook: 4 Games} 11. a4 $146 {White is slightly better.} ({Predecessor:} 11. Nb3 b4 12. Nd1 Nc6 13. Qf2 Nd7 14. g5 Be7 15. f4 h6 16. Rg1 hxg5 17. hxg5 Nc5 18. Bxc5 dxc5 {½-½ (39) Solak,D (2490)-Bruzon Batista,L (2534) Yerevan 2000}) 11... Nc4 (11... bxa4 $11 12. Nxa4 Nxa4 13. Rxa4 d5) 12. Bxc4 $1 $16 bxc4 13. h5 d5 $2 (13... h6 $14) 14. e5 $2 (14. exd5 $18 {Black must now prevent Bg5.} Bxd5 15. h6 (15. Nxd5 Qxd5 16. O-O-O Rg8 $16)) 14... Nd7 15. f4 Nc5 (15... Bb4 $11) 16. g5 Ne4 (16... Rb8 $11) 17. Nxe4 dxe4 18. O-O-O Qd7 ({Black should try} 18... Qc7) 19. Qa5 (19. g6 $16) 19... Qd8 (19... Bd5 $14) 20. Qc3 {Hoping for Nxe6!} Bd5 21. f5 {Threatens to win with fxe6.} Qd7 22. Qa5 {Strongly threatening fxe6.} Qd8 (22... Qb7 $14 23. c3 Rb8) 23. Qe1 (23. Qd2 $16) 23... Qd7 $14 24. Qa5 {And now fxe6 would win.} Qd8 $1 {[%cal Rd8a5]} 25. Qxd8+ Rxd8 26. f6 Rg8 27. Rhg1 Bb4 (27... Bc5 $14) 28. Ne2 $16 Bc6 (28... Ba5 $142) 29. Rxd8+ Kxd8 30. Bb6+ (30. Rd1+ $1 $16 Ke8 31. Nc3 Bxc3 32. bxc3) 30... Kc8 31. a5 (31. c3 $16 Bf8 32. Be3) 31... gxf6 $11 32. exf6 Bd6 33. Be3 Bd5 34. Nc3 Be5 (34... Kd7 $11) 35. Ne2 ({White should play} 35. g6 $16 {Rg5 is the strong threat.} hxg6 36. hxg6 fxg6 37. Nxd5 exd5 38. f7) 35... Bd6 36. Rg4 Be5 37. Bd4 Bc7 {[#]} (37... Bd6 $11) 38. Rg1 ({Better is} 38. g6 $1 $16 {[%cal Rg6h7]} hxg6 39. hxg6 fxg6 40. Bc5) 38... Bh2 39. Rg2 {aiming for g6.} Bc7 {[#]} (39... Bd6 $11 {keeps the balance.}) 40. Be3 (40. g6 $1 $16 {[%cal Rg6h7]} hxg6 41. hxg6 fxg6 42. Bc5) 40... Be5 (40... Bxa5 $11 41. Nf4 Bc7) 41. Rg1 (41. g6 $1 $16 {[%cal Rg6h7]} hxg6 42. hxg6) 41... Bh2 42. Rd1 {White wants to play Nc3.} Bc7 (42... Kd7 $11 {remains equal.}) 43. Rg1 ({White has to play} 43. Nc3 $16) 43... Bh2 44. Rh1 Bc7 45. Rg1 {Precision: White = 32%, Black = 18%.} 1/2-1/2

[Event "BL 2017-18"]
[Site "Germany"]
[Date "2018.05.01"]
[Round "15"]
[White "Gurevich, Vladimir"]
[Black "Adams, Michael"]
[Result "0-1"]
[WhiteElo "2472"]
[BlackElo "2701"]
[Annotator "TA"]
[PlyCount "84"]
[EventDate "2018.05.24"]
[EventType "team-tourn"]
[EventCountry "GER"]

{[%evp 27,84,37,45,30,30,0,0,0,0,0,0,-19,-9,-6,-4,-11,-11,0,0,-13,0,-31,-25,-50,-47,-53,-47,-43,-49,-119,-127,-295,-311,-305,-311,-305,-283,-388,-396,-388,-375,-596,-597,-586,-578,-560,-512,-341,-341,-341,-324,-508,-467,-650,-634,-29978,-29978,-2553,-7553]} 1. e4 e5 2. Nf3 Nc6 3. Bc4 Nf6 4. d3 Bc5 5. O-O O-O 6. h3 d6 7. c3 a6 8. Bb3 Ba7 9. Re1 Ne7 10. Nbd2 {[%cal Bb1d2,Bd2f1,Bf1g3][%mdl 32]} Ng6 11. Nf1 Re8 {C54: Giuoco Piano: 4 c3 Nf6, main lines with 5 d4 and 5 d3} (11... c6 12. Ng3 Re8 13. d4 h6 14. Bc2 Qc7 15. Be3 Bd7 16. Qd2 c5 17. Rad1 cxd4 18. cxd4 Rac8 19. Bb1 {0-1 (58) Alekseev,E (2616)-Sjugirov,S (2650) Riadh 2017}) 12. Ng3 Be6 13. d4 h6 14. Bxe6 Rxe6 {LiveBook: 3 Games} 15. d5 Re8 16. Be3 $146 ({Predecessor:} 16. Nf5 Nf4 17. Nh2 Nh7 18. h4 h5 19. g3 Nh3+ 20. Kg2 Nxf2 {0-1 (58) Yurtseven,M (2355)-Petkov,V (2534) Izmir 2015}) 16... Bxe3 17. Rxe3 c6 18. c4 Rc8 19. Rc1 Qd7 20. Rec3 Nf4 21. Nd2 cxd5 22. cxd5 Rxc3 23. Rxc3 Rc8 24. Rxc8+ Qxc8 25. Nf5 Qc5 26. Nb3 Qb4 27. f3 $1 Qb6+ 28. Kf1 (28. Kh2 $1 $15) 28... g6 $36 {[%mdl 2048] Black is really pushing.} 29. Nxh6+ $2 (29. Ng3 $17) 29... Kg7 $19 {Threatens to win with ...N6h5.} 30. Ng4 N6h5 31. Qe1 {[#]} a5 $1 {[%cal Ba6a5,Ba5a4][%mdl 544]} 32. Qf2 (32. Nxa5 Ng3+) 32... Qb5+ 33. Kg1 a4 34. Nd2 (34. Nd4 $142 exd4 35. Qxd4+ Kg8 36. Qd2) 34... Qxb2 35. Nc4 Qc1+ 36. Qf1 Ne2+ 37. Kf2 {[#] And now Qxc1 would win.} Qxc4 38. Qxe2 Qd4+ 39. Qe3 (39. Ne3 {was the only chance.} Nf4 40. Qd1) 39... Qb2+ 40. Kg1 {intending Qh6+.} Nf4 {[%csl Gf4][%cal Rb2g2]} 41. Nf2 Qb1+ 42. Kh2 Qf1 {Precision: White = 38%, Black = 92%.} 0-1

[Event "BL 2017-18"]
[Site "Germany"]
[Date "2018.05.01"]
[Round "15"]
[White "Abel, Dennes"]
[Black "Werle, Jan"]
[Result "1/2-1/2"]
[WhiteElo "2471"]
[BlackElo "2532"]
[Annotator "TA"]
[PlyCount "90"]
[EventDate "2018.05.24"]
[EventType "team-tourn"]
[EventCountry "GER"]
[SourceTitle "playchess.com"]
[Source "ChessBase"]
[SourceQuality "1"]
[WhiteTeam "SFR Berlin"]
[BlackTeam "Werder Bremen"]

{[%evp 16,90,0,0,16,24,31,29,20,22,24,13,15,20,15,0,0,0,0,0,30,37,41,47,40,39,43,60,70,50,59,84,61,23,23,23,24,25,31,33,35,11,43,0,12,0,0,0,0,0,0,0,0,0,0,0,0,0,0,0,0,0,0,0,0,-12,0,0,0,0,0,0,0,0,0,0,0]} 1. Nf3 Nf6 2. d4 e6 3. c4 c5 4. Nc3 cxd4 5. Nxd4 Bb4 6. Bd2 O-O 7. e3 {[%cal Be2e3,Be3d4][%mdl 32]} Nc6 8. a3 Be7 9. Be2 {LiveBook: 11 Games. A32: Symmetrical English: 2 Nf3 Nf6 3 d4 cxd4 4 Nxd4 e6} Nxd4 10. exd4 d5 11. c5 {White is slightly better.} Ne4 12. O-O e5 $146 ({Predecessor:} 12... b6 13. b4 Nxd2 14. Qxd2 bxc5 15. dxc5 d4 16. Ne4 e5 {½-½ (44) Abdyjapar,A (2382)-Moiseenko,A (2667) Riadh 2017}) 13. Nxe4 dxe4 14. Bc3 exd4 15. Qxd4 Qxd4 16. Bxd4 Rd8 17. Be3 Be6 18. b4 {[%cal Bb2b4,Bb4b5][%mdl 32]} f5 19. Rac1 Rac8 20. f3 Bf6 21. fxe4 fxe4 22. b5 Bd4 23. Bxd4 Rxd4 24. Rfd1 (24. Rc2 {is interesting.} Bd5 25. Kf2 e3+ 26. Kxe3 Ra4 27. Kf2) 24... Rxd1+ 25. Bxd1 $11 {[%mdl 4096] Endgame KRB-KRB} Kf7 $1 26. Kf2 Kf6 27. Ke3 Ke5 28. Rc3 Rf8 29. c6 bxc6 {The position is equal.} 30. Rxc6 Rf1 31. Rc5+ Kd6 32. Rc6+ Ke5 33. Be2 Rb1 34. Rc5+ Kd6 35. Rc6+ Ke5 36. Rc5+ Kd6 37. Rc3 Bd5 38. h4 Rg1 39. Kf2 Ra1 40. h5 h6 41. Bc4 Bxc4 42. Rxc4 Rxa3 43. Rxe4 Rc3 44. Rd4+ Ke6 45. Re4+ Kd6 {Precision: White = 61%, Black = 76%.} 1/2-1/2

[Event "BL 2017-18"]
[Site "Germany"]
[Date "2018.05.01"]
[Round "15"]
[White "Zumsande, Martin"]
[Black "Seyb, Alexander"]
[Result "1/2-1/2"]
[WhiteElo "2453"]
[BlackElo "2382"]
[Annotator "TA"]
[PlyCount "88"]
[EventDate "2018.05.24"]
[EventType "team-tourn"]
[EventCountry "GER"]
[SourceTitle "playchess.com"]
[Source "ChessBase"]
[SourceQuality "1"]
[WhiteTeam "Werder Bremen"]
[BlackTeam "SFR Berlin"]

{[%evp 31,88,0,12,-2,0,0,-10,-1,0,-13,-13,-23,0,-33,-24,-36,0,0,0,0,0,0,0,0,0,0,0,2,22,0,0,0,0,0,0,0,0,0,0,0,0,0,0,0,0,-21,-22,-23,-8,-8,0,-4,0,0,0,-8,-8,-8,-8]} 1. e4 g6 2. d4 Bg7 3. Nc3 d6 4. f4 Nf6 5. Nf3 O-O 6. Be2 c5 7. dxc5 Qa5 8. O-O Qxc5+ 9. Kh1 Nc6 10. Bd3 Bg4 11. Qe1 Bxf3 12. Rxf3 Rac8 {B09: Pirc Defence: Austrian Attack} 13. Be3 Qa5 14. a3 d5 {[%cal Bd6d5,Bd5d4][%mdl 32]} 15. e5 d4 16. exf6 Bxf6 {LiveBook: 3 Games} 17. Ne4 dxe3 18. Nxf6+ exf6 19. Rxe3 Qb6 20. Rb1 f5 21. c3 Nd8 {[#]} 22. Qf2 $146 ({Predecessor:} 22. Bxf5 gxf5 23. Rg3+ Kh8 24. Qe7 Rg8 25. Qe5+ f6 26. Rxg8+ Kxg8 27. Qe8+ {1-0 (27) De Firmian,N (2565)-Chernin,A (2600) Moscow 1990}) 22... Ne6 23. Rbe1 Qd6 24. g3 a5 25. Bf1 {[%cal Bd3f1,Bf1g2,Bg2f3][%mdl 32]} Rfd8 26. Bg2 b6 27. Bf3 Kg7 28. Kg2 Qc5 29. Qe2 Qc4 (29... Qd6 {is more complex.} 30. Re5 Qd2 31. Kf1 h5 32. Rb5 Rb8) 30. Re5 Qxe2+ 31. R1xe2 Rc5 32. Kf2 Kf6 33. R5e3 h6 34. h4 g5 35. hxg5+ hxg5 36. fxg5+ Kxg5 37. b4 Rc4 38. bxa5 bxa5 39. Rb2 Rdc8 40. Rb5 {The position is equal.} R8c5 41. Rxc5 Nxc5 42. Bd5 Ne4+ 43. Kf3 Rxc3 44. Rxc3 Nxc3 {Precision: White = 56%, Black = 58%.} 1/2-1/2

[Event "BL 2017-18"]
[Site "Germany"]
[Date "2018.05.01"]
[Round "15"]
[White "Vogel, Roven"]
[Black "Dinstuhl, Volkmar"]
[Result "1-0"]
[WhiteElo "2449"]
[BlackElo "2384"]
[Annotator "TA"]
[PlyCount "63"]
[EventDate "2018.05.24"]
[EventType "team-tourn"]
[EventCountry "GER"]
[SourceTitle "playchess.com"]
[Source "ChessBase"]
[SourceQuality "1"]
[WhiteTeam "Dresden"]
[BlackTeam "Muelheim"]

{[%evp 27,63,40,37,0,29,0,22,0,0,6,102,94,166,163,165,166,229,229,257,261,231,187,227,225,234,231,221,219,314,344,323,330,316,308,304,255,814,814]} 1. d4 d5 2. c4 e6 3. Nf3 Nf6 4. Nc3 Bb4 5. Bg5 Nbd7 6. e3 c5 7. Bd3 cxd4 8. exd4 dxc4 9. Bxc4 O-O 10. O-O Bxc3 11. bxc3 Qc7 12. Bd3 b6 13. Rc1 Bb7 14. Re1 h6 {LiveBook: 3 Games. aiming for ...Bxf3. E54: Nimzo-Indian: Rubinstein: Main Line: 7...dxc4 8 Bxc4} (14... Qc6 15. a4 Rac8 16. Bh4 h6 17. c4 Rfe8 18. Bg3 Rcd8 19. Qb3 Nh5 20. c5 Nxg3 21. hxg3 bxc5 22. Be4 Qxe4 23. Rxe4 Bxe4 24. dxc5 {½-½ (75) Piorun,K (2681)-Vedmediuc,S (2437) Baku 2016}) 15. Bd2 Rac8 16. Qe2 {[#]} Qc6 $146 {The position is equal.} 17. Bb5 Qd5 18. c4 Qh5 (18... Qd6 $11) 19. Bb4 $16 Rfe8 {[#]} (19... Bxf3 $16 20. Qxf3 Qxf3 21. gxf3 Rfe8) 20. Ne5 $1 $36 {[%mdl 2048] White is on the roll.} Nxe5 21. dxe5 ({Don't do} 21. Qxh5 $6 Nxh5 22. Rxe5 Nf4 $14) 21... Qg6 (21... Qxe2 {might work better.} 22. Rxe2 Nd5) 22. f3 Nh5 23. Bxe8 Rxe8 24. Qc2 Qg5 {[#]} 25. Bd2 $1 {[%cal Rd2g5]} Nf4 26. Bxf4 Qxf4 27. Qd3 {Hoping for Qd7.} Rc8 (27... Bc6 {was worth a try.} 28. Qe3 Qh4) 28. Qd7 Ba6 29. Qxa7 Qd4+ 30. Kh1 Bxc4 31. h3 Rd8 $2 (31... Qd8 32. Red1 Bd5 33. Rxc8 Qxc8 34. Qxb6 Qc2) 32. Re4 {Precision: White = 61%, Black = 37%.} 1-0